banner-ar

الوطن العربى ومشروعات التكامل البديلة: اعمال المؤتمر العلمى الثالث للجمعية العربية للبحوث الاقتصادية / (Record no. 50904)

MARC details
000 -الفاتح
حقل البيانات ثابتة الطول 00899nam a2200205Ia 4500
008 - عناصر البيانات ثابتة الطول - معلومات عامة
حقل البيانات ثابتة الطول 140319s9999 xx 000 0 ara d
040 ## - مصدر الفهرسة
وكالة الفهرسة الأصلية GCL /
وكالة النسخ GCL
082 04 - رقم تصنيف ديوى العشرى
رقم التصنيف 330.956
رقم المادة ا و
100 1# - المدخل الرئيسى - إسم شخصى
الإسم الشخصى ابراهيم سعدالدين عبدالله
245 10 - بيان العنوان
العنوان الوطن العربى ومشروعات التكامل البديلة: اعمال المؤتمر العلمى الثالث للجمعية العربية للبحوث الاقتصادية /
بيان المسئوليه,etc ابراهيم سعدالدين عبدالله
300 ## - الوصف المادى
التعداد 696 ص
490 ## - بيان السلسلة
عنوان السلسلة مركز دراسات الوحده العربية
رقم المجلد/ التعيين التسلسلي 0
650 04 - المدخل الاضافى بالموضوع-مصطلح موضوعى
مصطلح موضوعي الاقتصاد
650 04 - المدخل الاضافى بالموضوع-مصطلح موضوعى
مصطلح موضوعي النفط العربى
650 04 - المدخل الاضافى بالموضوع-مصطلح موضوعى
مصطلح موضوعي الصراع العربى الاسرائيلى
650 04 - المدخل الاضافى بالموضوع-مصطلح موضوعى
مصطلح موضوعي التكامل الاقتصادى - البلادالعربية
650 04 - المدخل الاضافى بالموضوع-مصطلح موضوعى
مصطلح موضوعي المشروعات العربية المشتركة
942 ## - عناصر المدخل الإضافي( كوها)
مصدر التصنيف او مخطط الترفيف Dewey Decimal Classification
Koha [default] item type كتاب
Holdings
حالة التراجع حالة الفقد حالة تلف ليس للاعارة المكان المؤقت الموقع الحالى تاريخ الاكتساب اجمالي اﻻعارات رقم الطلب الباركود تاريخ اخر مشاهدة تاريخ تفعيل السعر نوع وعاء كوها
        مكتبة القاهرة الكبرى مكتبة القاهرة الكبرى 03/26/2014   330.956\ا و 122058 03/26/2014 03/26/2014 كتاب

Powered By

EGPV